000 00884nas a2200265 4500
001 BR9204120
003 BR-BrBNA
005 20231205092706.0
007 ta
008 230509b bl.|||p| |||| 00| 00por d
040 _aBR-BrBNA
_bpor
_cBiblioteca Nacional de Agricultura
041 _a(Pt)
072 _aF01
100 1 _aMonteiro, A.L.G.
100 1 _aCorsi, M.
100 1 _aPalhano, A.L.
245 1 _aImportancia da area foliar remanescente apos o corte sobre a producao da rebrota da alfafa (Medicago sativa L.)cv. Crioula
246 1 _aThe effect of leaf area remaining after defoliation to regrowth of alfafa (Medicago sativa L.)cv. Crioula
650 _aALFAFA
650 _aCORTE
650 _aREBROTA
773 0 _tPoliagro (Brazil)
_xISSN 0100-3461
_g(1991), v. 10(1) p. 63-70
_wBR9204120
909 _a202311
_bLúcia
_c55
_dLúcia Elande
942 _2AGRIS
_n0
_cANA
999 _c133448
_d133448